|
|
|
|
| LEADER |
00000nab#a22000007a#4500 |
| 001 |
arbauad039806 |
| 003 |
AR-BaUAD |
| 005 |
20250711113111.0 |
| 008 |
990902|||||||||###||||||b###|0###a|spa|| |
| 040 |
|
|
|a AR-BaUAD
|c AR-BaUAD
|b spa
|
| 100 |
|
|
|a Cohen, Clélia
|
| 245 |
|
|
|a Les rendez-vous de Paris /
|c Clélia Cohen; Olivier Joyard;
|
| 653 |
|
|
|a CINE
|
| 653 |
|
|
|a FRANCIA
|
| 653 |
|
|
|a FESTIVALES
|
| 653 |
|
|
|a RENCONTRES INTERNATIONALES DE CINEMA
|
| 653 |
|
|
|a DIRECTORES DE CINE
|
| 653 |
|
|
|a CRITICAS
|
| 653 |
|
|
|a LARGOMETRAJES
|
| 653 |
|
|
|a WILLIAMS, DAVID E.
|
| 653 |
|
|
|a ESTADOS UNIDOS
|
| 653 |
|
|
|a KIM, KI YOUNG
|
| 653 |
|
|
|a COREA DEL SUR
|
| 700 |
1 |
|
|a Joyard, Olivier
|
| 773 |
0 |
|
|t CAHIERS DU CINEMA
|g no. 530 [dic. 1998], p. 10-11
|
| 942 |
|
|
|c ARTI
|
| 952 |
|
|
|0 0
|1 0
|4 0
|7 0
|9 84725
|a AR-BAuAD
|b AR-BAuAD
|d 2025-07-11
|l 0
|p AAQA039806
|r 2025-07-11 11:31:11
|w 2025-07-11
|y ARTI
|
| 990 |
|
|
|a C199
|b TD
|
| 998 |
|
|
|a AAQ
|b BIBUN76
|
| 999 |
|
|
|c 64398
|d 64398
|